000 00374cam a22001217a 4500
008 180718b1988 xxu||||| |||| 00| 0 eng d
082 _aZ46x5451 M969
100 _aNarasimha Murthy, G.
245 _aRegulated market in a rural economy
_cby G. Narasimha Murthy
260 _aDelhi
_bAjanta
_c1988
300 _a321p.
650 _aAgricultural marketing - India - Andhra Pradesh
999 _c349360
_d349360